Workload performance measurement and tuning of high-availability Oracle database /
Saved in:
| Main Author: | |
|---|---|
| Format: | Thesis Book |
| Language: | English |
| Published: |
2005.
|
| Subjects: | |
| Tags: |
Add Tag
No Tags, Be the first to tag this record!
|
| LEADER | 00894cam a2200229 a 4500 | ||
|---|---|---|---|
| 001 | u712092 | ||
| 003 | SIRSI | ||
| 008 | 050916s2005 my t 00 eng m | ||
| 040 | |a UMM | ||
| 090 | |a QA76.758 |b UM 2005 Zil | ||
| 100 | 1 | 0 | |a Zildzic, Dzemal. |
| 245 | 1 | 0 | |a Workload performance measurement and tuning of high-availability Oracle database / |c Dzemal Zildzic. |
| 260 | |c 2005. | ||
| 300 | |a xi, 161 leaves : |b ill. ; |c 30 cm. | ||
| 502 | |a Dissertation (M.Softw.Eng.) -- Fakulti Sains Komputer dan Teknologi Maklumat, Universiti Malaya, 2005. | ||
| 504 | |a Bibliography: leaves 155-161. | ||
| 630 | 0 | 0 | |a Oracle (Computer file) |
| 650 | 0 | |a Database management. | |
| 710 | 2 | 0 | |a Universiti Malaya. |b Fakulti Sains Komputer dan Teknologi Maklumat. |
| 900 | |a MRM | ||
| 596 | |a 1 | ||
| 999 | |a QA76.758 UM 2005 ZIL |w LC |c 1 |i A511791261 |d 19/2/2018 |e 19/2/2018 |f 13/2/2006 |g 1 |l STACKS |m P01UTAMA |n 3 |r Y |s Y |t TESIS |u 13/2/2006 | ||
